| 000 | 00938nam a22003130a 4500 | ||
|---|---|---|---|
| 001 | PT22900 | ||
| 003 | AR-LpoUNG | ||
| 005 | 20210131233121.0 | ||
| 008 | 191001s2003||||ag |||||||||||||||||spa d | ||
| 020 |
_a9872052638 _c$69,4 |
||
| 040 |
_aAR-LpoUNG _bspa _cAR-LpoUNG _eaacr |
||
| 041 | _aspa | ||
| 044 | _aag | ||
| 082 | 0 | _a982.064 456cie | |
| 100 | 1 | _aBenfield, Celina | |
| 245 | 1 | 0 |
_a179 días : _bentre El Banco y El Olimpo... y una vida para contarlo |
| 260 |
_aBuenos Aires : _bAstralib Cooperativa, _c2003. |
||
| 300 |
_a126 p. : _bil., gráfs. |
||
| 520 | _aNarra los 179 días de encierro de la autora como una detenida-desaparecida durante la última dictadura militar en la Argentina. | ||
| 650 | 4 | _aARGENTINA | |
| 650 | 4 | _aCAMPOS DE CONCENTRACION | |
| 650 | 4 | _aDICTADURA | |
| 650 | 4 | _aGOBIERNO MILITAR | |
| 650 | 4 | _aMEMORIA | |
| 650 | 4 | _aTORTURA | |
| 651 | 4 | _aArgentina | |
| 905 | _a22900 | ||
| 942 | _cLIB | ||
| 999 |
_c19257 _d19257 |
||